=LDR 00000nam 2200000 4500 =001 INLIS000000000034152 =005 20130612140052 =008 ***********************************ind** =035 ##$$a0010-061300000034152 =041 ##$$a ind =082 ##$$a 650 =090 ##$$a 650, Hic,s =100 ##$$a Hicks,Tyler G =245 ##$$a Sukses Merintis Bisnis Dengan Modal Dengkul, Tyler G. Hicks ; Alih Bahasa, Suharsono =260 ##$$a 2009 $b Jakarta =300 ##$$a xv.279.hlm., 21 cm =650 ##$$a Bisnis =700 ##$$a Suharsono =850 ##$$a NBPNMAT =990 ##$$a 21195273/BPAP-NTB/2014 =990 ##$$a 74387438 =990 ##$$a 21195273/BPAP-NTB/2014 =990 ##$$a 01201807438